000 00352nam a22001577a 4500
003 SGT
020 _a978-0-7619-4411-9
082 _a616.8,P09D
100 _aDEURZEN, EMMY VAN
245 _aPSYCHOTHERAPY AND THE QUEST FOR HAPPINESS
250 _a1ST
260 _aLONDON
_bSAGE
_c2009
300 _a182
650 _aPSYCHOTHERAPY
942 _2ddc
_cBK
999 _c8347
_d8347